| 000 | 01372pam a2200337 a 4500 | ||
|---|---|---|---|
| 999 |
_c127337 _d127337 |
||
| 001 | 1966686 | ||
| 003 | ARRUPE | ||
| 005 | 20180111105416.0 | ||
| 008 | 881202s1989 enk b 001 0 eng | ||
| 010 | _a 88037709 | ||
| 020 | _a052136597X | ||
| 020 | _a0521367743 (pbk.) | ||
| 040 |
_aDLC _cDLC _dDLC |
||
| 050 | 0 | 0 |
_aGN450 _b.M66 1989 |
| 082 | 0 | 0 |
_a306/.3 _219 |
| 245 | 0 | 0 |
_aMoney and the morality of exchange / _cedited by J. Parry and M. Bloch. |
| 260 |
_aCambridge [England] ; _aNew York : _bCambridge University Press, _c1989. |
||
| 300 |
_aviii, 276 p. ; _c24 cm. |
||
| 504 | _aIncludes bibliographical references. | ||
| 650 | 0 |
_aExchange _xCross-cultural studies. _938354 |
|
| 650 | 0 |
_aMoney _xSocial aspects _xCross-cultural studies. _938355 |
|
| 650 | 0 |
_aEconomic anthropology. _937840 |
|
| 700 | 1 |
_aParry, Jonathan P. _938356 |
|
| 700 | 1 |
_aBloch, Maurice. _930376 |
|
| 856 | 4 | 2 |
_3Publisher description _uhttp://www.loc.gov/catdir/description/cam023/88037709.html |
| 856 | 4 | 1 |
_3Table of contents _uhttp://www.loc.gov/catdir/toc/cam021/88037709.html |
| 906 |
_a7 _bcbc _corignew _d1 _eocip _f19 _gy-gencatlg |
||
| 942 |
_2lcc _cMONOGRAPH |
||